Blood Lavender /

Saved in:
Bibliografiske detaljer
Hovedforfatter: Azolakov, Antoinette
Format: Bog
Sprog:engelsk
Udgivet: Austin Banned Books c1993
Tags: Tilføj Tag
Ingen Tags, Vær først til at tagge denne postø!

MARC

LEADER 00000nam a2200000 4500
001 CDOM0000002003
003 mi
005 20250907172848.0
008 250907b |||||||| |||| 00| 0 eng d
020 |a 0934411409 
040 |c mi 
100 |a Azolakov, Antoinette 
245 1 |a Blood Lavender /  |c Antoinette Azolakov 
260 |a Austin  |c Banned Books  |c c1993 
300 |a ill, 148 p.  |c 22 cm. 
942 |2 ddc  |c BK 
952 |0 0  |1 0  |2 ddc  |4 0  |6 B_LNR02AZOANBLO11  |7 0  |9 5732  |a MI  |b MI  |d 2006-01-26  |i 5081  |l 0  |o B-LNR02-AZOAN-BLO11  |p CDOM5081  |r 2025-07-13 16:28:00  |w 2025-07-13  |x ACQUISTO  |y BK 
999 |c 4575  |d 4575